El precio de la desigualdad : (Registro nro. 4248)
[ vista simple ]
| 000 -LEADER | |
|---|---|
| fixed length control field | 01477nam a2200301Ia 4500 |
| 003 - CONTROL NUMBER IDENTIFIER | |
| control field | OSt |
| 005 - DATE AND TIME OF LATEST TRANSACTION | |
| control field | 20200430143253.0 |
| 008 - FIXED-LENGTH DATA ELEMENTS--GENERAL INFORMATION | |
| fixed length control field | 191128s2012 ck gr 000 0dspa d |
| 020 ## - INTERNATIONAL STANDARD BOOK NUMBER | |
| International Standard Book Number | 9789587584660 |
| 040 ## - CATALOGING SOURCE | |
| Original cataloging agency | CO-JMCR |
| Transcribing agency | CO-JMCR |
| 041 0# - LANGUAGE CODE | |
| Language code of text/sound track or separate title | spa |
| 082 04 - DEWEY DECIMAL CLASSIFICATION NUMBER | |
| Classification number | 305.5 / |
| Item number | S855p |
| 100 1# - MAIN ENTRY--PERSONAL NAME | |
| Personal name | Stiglitz, Joseph E., |
| Relator term | autor |
| 9 (RLIN) | 3808 |
| 245 13 - TITLE STATEMENT | |
| Title | El precio de la desigualdad : |
| Remainder of title | el 1% de la población tiene lo que el 99% necesita / |
| Statement of responsibility, etc. | Joseph E. Stiglitz |
| 250 ## - EDITION STATEMENT | |
| Edition statement | Primera edición |
| 260 ## - PUBLICATION, DISTRIBUTION, ETC. | |
| Place of publication, distribution, etc. | Bogotá : |
| Name of publisher, distributor, etc. | Taurus, |
| Date of publication, distribution, etc. | 2012 |
| 300 ## - PHYSICAL DESCRIPTION | |
| Extent | 498 páginas ; |
| Dimensions | 23 cm. |
| 490 0# - SERIES STATEMENT | |
| Series statement | Pensamiento |
| 500 ## - GENERAL NOTE | |
| General note | Incluye datos biograficos del autor en la solapa. |
| 505 ## - FORMATTED CONTENTS NOTE | |
| Formatted contents note | El problema de Estados Unidos con el 1 por ciento -- La búsqueda de rentas y la creación de una sociedad desigual -- Los mercados y la desigualdad -- Por qué es importante -- Una democracia en peligro -- 1984 está al caer -- ¿Justicia para todos? |
| 520 ## - SUMMARY, ETC. | |
| Summary, etc. | El 1% de la población disfruta de las mejores viviendas, la mejor educación, los mejores médicos y el mejor nivel de vida, pero hay una cosa que el dinero no puede comprar : la comprensión de que su destino está ligado a cómo vive el otro 99%. |
| 650 14 - SUBJECT ADDED ENTRY--TOPICAL TERM | |
| Topical term or geographic name entry element | Igualdad |
| Geographic subdivision | Estados Unidos |
| 9 (RLIN) | 3809 |
| 650 24 - SUBJECT ADDED ENTRY--TOPICAL TERM | |
| Topical term or geographic name entry element | Distribución del ingreso |
| 9 (RLIN) | 3696 |
| 650 24 - SUBJECT ADDED ENTRY--TOPICAL TERM | |
| Topical term or geographic name entry element | Aspectos sociales |
| Geographic subdivision | Estados Unidos |
| 9 (RLIN) | 3810 |
| 650 24 - SUBJECT ADDED ENTRY--TOPICAL TERM | |
| Topical term or geographic name entry element | Democracia |
| Geographic subdivision | Estados Unidos |
| 9 (RLIN) | 3811 |
| 650 24 - SUBJECT ADDED ENTRY--TOPICAL TERM | |
| Topical term or geographic name entry element | Condiciones socioeconómicas |
| Geographic subdivision | Estados Unidos |
| 9 (RLIN) | 3812 |
| 942 ## - ADDED ENTRY ELEMENTS (KOHA) | |
| Source of classification or shelving scheme | Dewey Decimal Classification |
| Koha item type | Books |
| Withdrawn status | Lost status | Source of classification or shelving scheme | Materials specified (bound volume or other part) | Damaged status | Not for loan | Home library | Current library | Shelving location | Date acquired | Source of acquisition | Cost, normal purchase price | Total Checkouts | Total Renewals | Full call number | Barcode | Date last seen | Date last checked out | Copy number | Price effective from | Koha item type |
|---|---|---|---|---|---|---|---|---|---|---|---|---|---|---|---|---|---|---|---|---|
| Dewey Decimal Classification | Donación--01/01/2017-- | Biblioteca Pública José María del Castillo y Rada | Biblioteca Pública José María del Castillo y Rada | General Stacks | 11/28/2019 | Donación | 0.00 | 2 | 2 | 305.5 / S855p | 201809078 | 04/10/2025 | 03/31/2025 | Ej.1 | 11/28/2019 | Books |